Disability (Record no. 103421)
[ view plain ]
| 000 -LEADER | |
|---|---|
| fixed length control field | 01583cam a2200277 4500 |
| 001 - CONTROL NUMBER | |
| control field | ##L125506 |
| 008 - FIXED-LENGTH DATA ELEMENTS--GENERAL INFORMATION | |
| fixed length control field | 040322n2003 000 0 eng u |
| 020 ## - INTERNATIONAL STANDARD BOOK NUMBER | |
| International Standard Book Number | 1900648849 |
| 035 ## - SYSTEM CONTROL NUMBER | |
| System control number | (Sirsi) u125506 |
| 041 0# - LANGUAGE CODE | |
| Language code of text/sound track or separate title | eng |
| 050 04 - LIBRARY OF CONGRESS CALL NUMBER | |
| Classification number | 725.54 $2 18 |
| 245 00 - TITLE STATEMENT | |
| Title | Disability |
| Remainder of title | making buildings accessible special report |
| 250 ## - EDITION STATEMENT | |
| Edition statement | 2nd ed. |
| 260 ## - PUBLICATION, DISTRIBUTION, ETC. | |
| Place of publication, distribution, etc. | Cambridge |
| Name of publisher, distributor, etc. | Workplacelaw Network |
| Date of publication, distribution, etc. | 2003 |
| 300 ## - PHYSICAL DESCRIPTION | |
| Extent | 205p. |
| Dimensions | 30cm. |
| 350 ## - PRICE (NR) (BK AM CF MU VM SE) [OBSOLETE] | |
| Price | 99 |
| 520 ## - SUMMARY, ETC. | |
| Summary, etc. | This fully updated second edition, covers the recent revision of Part M of the Building Regulations and introduces five new chapters, encompassing: landlord and tenant issues; access audits; occupational therapists; "Special Educational Needs and Disability Act 2001"; and helpful hints at keeping cost down. Focuses specifically on the access requirements under Part III of the DDA, which comes into force fully on 1 October 2004. Offers guidance to employers, workplace managers, architects and building owners on to what extent premises and/or business practices need to be physically altered to make services equally accessible to disabled people. |
| 520 ## - SUMMARY, ETC. | |
| Summary, etc. | Superseded by third edition (ISBN 1900648482). Supersedes first edition (ISBN 1900648148). |
| 650 24 - SUBJECT ADDED ENTRY--TOPICAL TERM | |
| Topical term or geographic name entry element | DISABILITY DISCRIMINATION ACT 1995 |
| 650 24 - SUBJECT ADDED ENTRY--TOPICAL TERM | |
| Topical term or geographic name entry element | BUILDING REGULATIONS 1991 APPROVED DOCUMENT M (2004 EDITION) |
| 650 24 - SUBJECT ADDED ENTRY--TOPICAL TERM | |
| Topical term or geographic name entry element | SPECIAL EDUCATIONAL NEEDS AND DISABILITY ACT 2001 |
| 651 #4 - SUBJECT ADDED ENTRY--GEOGRAPHIC NAME | |
| Geographic name | United Kingdom |
| Chronological subdivision | |
| 690 ## - LOCAL SUBJECT ADDED ENTRY--TOPICAL TERM (OCLC, RLIN) | |
| Topical term or geographic name as entry element | MANAGEMENT-BUSINESS MANAGEMENT-DISCRIMINATION-DISABILITY DISCRIMINATION |
| 700 1# - ADDED ENTRY--PERSONAL NAME | |
| Personal name | Bright, Keith |
| Relator term | Editor |
| 942 ## - ADDED ENTRY ELEMENTS (KOHA) | |
| Suppress in OPAC | 0 |
| Withdrawn status | Lost status | Source of classification or shelving scheme | Damaged status | Not for loan | Home library | Current library | Shelving location | Date acquired | Total Checkouts | Full call number | Barcode | Date last seen | Date last checked out | Copy number | Price effective from | Koha item type |
|---|---|---|---|---|---|---|---|---|---|---|---|---|---|---|---|---|
| Dewey Decimal Classification | London | London | Basement | 02/04/2004 | 16 | SHELF 318 | 30069125 | 06/08/2019 | 26/07/2005 | 1 | 06/08/2019 | Book |